|
|
|
|
| LEADER |
01170nam a2200325 a 4500 |
| 001 |
14053772 |
| 008 |
110117s2007 maua b 001 0 eng d |
| 010 |
|
|
|a 2005052272
|
| 020 |
|
|
|a 0071107428
|
| 020 |
|
|
|a 9780073125749
|
| 020 |
|
|
|a 9780073125770
|
| 020 |
|
|
|a 0073125741 (annotated instructor's ed. : alk. paper)
|
| 020 |
|
|
|a 0073125776
|
| 040 |
|
|
|a DLC
|c DLC
|d BD-DhAAL
|
| 082 |
0 |
0 |
|a 301
|2 22
|
| 100 |
1 |
|
|a Schaefer, Richard T.
|
| 245 |
1 |
0 |
|a Sociology /
|c Richard T. Schaefer
|
| 250 |
|
|
|a 10th ed.
|
| 260 |
|
|
|a Boston :
|b McGraw-Hill,
|c c2007.
|
| 300 |
|
|
|a xxxiv, 542 p. :
|b ill. ;
|c 29 cm.
|
| 500 |
|
|
|a "Annotated instructor's edition."
|
| 504 |
|
|
|a Includes bibliographical references (p. 490-514) and index.
|
| 541 |
1 |
|
|e 00015288
|
| 650 |
|
0 |
|a Sociology.
|
| 650 |
|
0 |
|a Social problems.
|
| 651 |
|
0 |
|a United States
|x Social policy.
|
| 852 |
|
|
|a Ayesha Abed library
|c General Shelf.
|
| 942 |
0 |
0 |
|0 1
|
| 999 |
|
|
|c 10341
|d 10341
|
| 952 |
|
|
|0 0
|1 0
|2 ddc
|4 1
|6 301_000000000000000_SCH
|7 0
|9 13992
|a BRACUL
|b BRACUL
|c SPS
|d 2011-01-18
|g 2160.00
|l 33
|m 174
|o 301 SCH
|p 3010015288
|r 2016-10-02
|s 2016-09-18
|t 1
|w 2011-01-18
|y BK
|x Photocopy Book. Declared as Damaged on December 10, 2023
|